00893 a2200157 45000010006000000050017000060080041000230030015000640400040000790800140001192450062002592640035003213000019003565050343003751000017007185938620260407155848.0260407a1974 arg spa dAR-UNSa-BCEJYS aAR-UNSa-BCEJYSbspacAR-UNSa-BCEJYS a338.2(8)xPolítica económica. Control de la economía. gestión de la economía. planificación económica en América Latina10aTecnología y política económica en América Latina 1aBuenos Aires :bPaidósc1974 a134 p.c22 cm. a1. La tecnología en las etapas del desarrollo lationoamericano - 2. Función de las industrias dinámicas - 3. Elementos para una estratégia de desarrollo científico-tecnológico - 4. Políticas de desarrollo científico-tecnológico - 5. Problemas de planificación y de organización del sistema científico-tecnológico1 aFerrer, Aldo